Caperucita roja aprende a escribir : (Registro nro. 2620)
[ vista simple ]
| 000 -LEADER | |
|---|---|
| fixed length control field | 01420nam a2200325 4500 |
| 001 - CONTROL NUMBER | |
| control field | 0000018092 |
| 003 - CONTROL NUMBER IDENTIFIER | |
| control field | CO-CtgCURN |
| 005 - DATE AND TIME OF LATEST TRANSACTION | |
| control field | 20250517161250.0 |
| 007 - PHYSICAL DESCRIPTION FIXED FIELD--GENERAL INFORMATION | |
| fixed length control field | ta |
| 008 - FIXED-LENGTH DATA ELEMENTS--GENERAL INFORMATION | |
| fixed length control field | 160627s1998 000 0 eng d |
| 020 ## - INTERNATIONAL STANDARD BOOK NUMBER | |
| International Standard Book Number | 8474325331 |
| 040 ## - CATALOGING SOURCE | |
| Original cataloging agency | CO-CtgCURN |
| Language of cataloging | spa |
| Transcribing agency | coctgcurn |
| 082 0# - DEWEY DECIMAL CLASSIFICATION NUMBER | |
| Classification number | 401.9 |
| Item number | C171 |
| 245 00 - TITLE STATEMENT | |
| Title | Caperucita roja aprende a escribir : |
| Remainder of title | estudios psicolinguisticos comparativos en tres lenguas / |
| Statement of responsibility, etc. | Emilia Ferreiro ... [et al.]. |
| 250 ## - EDITION STATEMENT | |
| Edition statement | 2a ed. |
| 260 ## - PUBLICATION, DISTRIBUTION, ETC. | |
| Place of publication, distribution, etc. | Barcelona : |
| Name of publisher, distributor, etc. | Gedisa, |
| Date of publication, distribution, etc. | 1998. |
| 300 ## - PHYSICAL DESCRIPTION | |
| Extent | 269 p. + Disquete programa Textus. |
| 336 ## - CONTENT TYPE | |
| Source | rdacontent |
| 337 ## - MEDIA TYPE | |
| Source | rdamedia |
| Media type term | sin mediacion |
| Media type code | n |
| 338 ## - CARRIER TYPE | |
| Source | rdacarrier |
| Carrier type term | volumen |
| Carrier type code | nc |
| 490 1# - SERIES STATEMENT | |
| Series statement | Colección LEA ; |
| Volume/sequential designation | 10 |
| 500 ## - GENERAL NOTE | |
| General note | Incluye apendice del capitulo 6: Guia de referencia rapida para el uso del sistema textus. |
| 504 ## - BIBLIOGRAPHY, ETC. NOTE | |
| Bibliography, etc. note | Bibliografia (p. 265-269) |
| 505 8# - FORMATTED CONTENTS NOTE | |
| Formatted contents note | Lengua escrita e Investigación comparativa.--Los limites entre las palabras.--Chapeuzinho/Cappuccetto: variaciones graficas y norma ortografica.--Los limites del discurso: puntuacion y organizacion textual.--Las repeticiones y sus funciones en la evolucion de la construcción textual.--El sistema textus |
| 650 14 - SUBJECT ADDED ENTRY--TOPICAL TERM | |
| Topical term or geographic name entry element | Caperucita roja |
| Form subdivision | Traducciones |
| General subdivision | Estudios comparados. |
| 700 1# - ADDED ENTRY--PERSONAL NAME | |
| Personal name | Ferreiro, Emilia. |
| 908 ## - PUT COMMAND PARAMETER (RLIN) | |
| Put command parameter | 160627 |
| 942 ## - ADDED ENTRY ELEMENTS (KOHA) | |
| Koha item type | Libros |
| Classification part | 401.9 |
| Item part | C171 |
| Source of classification or shelving scheme | Dewey Decimal Classification |
| Suppress in OPAC | No |
| Withdrawn status | Lost status | Source of classification or shelving scheme | Damaged status | Not for loan | Collection | Home library | Current library | Shelving location | Date acquired | Inventory number | Total checkouts | Full call number | Barcode | Date last seen | Price effective from | Koha item type | Public note |
|---|---|---|---|---|---|---|---|---|---|---|---|---|---|---|---|---|---|
| Dewey Decimal Classification | General | Miguel Henríquez Castañeda | Miguel Henríquez Castañeda | General | 03/29/2025 | 007025 | 401.9 C171 | 007025 | 03/29/2025 | 03/29/2025 | Libros | 400-LENGUA |